15 Categories: Letter 'A' Blitz Quiz Stats

 Plays Quiz Updated Jun 1, 2017

Also try: 'A' Blitz
Challenge
Share
Tweet
Embed
Score 0/15 Timer 01:00
2 Plays Today
Hint Answer % Correct
Three-letter body partArm
95%
Pop group: Mamma MiaAbba
92.8%
Capital city of NetherlandsAmsterdam
88.9%
Playing cardAce
86.9%
German car brandAudi
85.8%
Month that Earth Day falls inApril
79.9%
Element: chemical symbol AlAluminum
79%
London Premier League teamArsenal
72.5%
Hint Answer % Correct
U.S. PresidentAdams (Arthur)
71.8%
Musical featuring the song 'Tomorrow'Annie
68%
Author: Pride and PrejudiceAusten
63.8%
Spanish for blueAzul
53.2%
Buffy the Vampire Slayer spin-offAngel
49.1%
Oscar Best Movie: 2012Argo
45.1%
Book of the BibleActs (Amos)
41.5%

You're not logged in!

Compare scores with friends on all Sporcle quizzes.
Join for Free
OR
Log In

You Might Also Like...

Show Comments

Extras

Top Quizzes Today


Score Distribution

Your Account Isn't Verified!

In order to create a playlist on Sporcle, you need to verify the email address you used during registration. Go to your Sporcle Settings to finish the process.

Report this User

Report this user for behavior that violates our Community Guidelines.

Details: